[Event "Toronto op U2200"]
[Site "Toronto"]
[Date "2014.04.18"]
[Round "1"]
[White "Noritsyn, Sergey"]
[Black "Posaratnanathan, Juliaan"]
[Result "1/2-1/2"]
[WhiteElo "2073"]
[BlackElo "1930"]
[PlyCount "74"]
[EventDate "2014.04.18"]
[EventType "swiss"]
[EventRounds "6"]
[EventCountry "CAN"]
[SourceTitle "EXT 2022"]
[Source "ChessBase"]
[SourceDate "2021.10.06"]
[SourceVersion "1"]
[SourceVersionDate "2021.10.06"]
[SourceQuality "1"]

1. e4 c5 2. Nf3 d6 3. c3 Nf6 4. h3 g6 5. Bd3 Bg7 6. Bc2 0-0 7. 0-0 Nc6 8. d4 cxd4 9. cxd4 Bd7 10. Nc3 Rc8 11. Qe2 Qc7 12. Rd1 a6 13. e5 Ne8 14. Nd5 Qa5 15. Bb3 Be6 16. Bd2 Qd8 17. Bc3 Bxd5 18. Bxd5 Nc7 19. Bb3 d5 20. h4 e6 21. Bc2 h5 22. Ng5 Nb5 23. g4 Bh6 24. f4 hxg4 25. a4 Nbxd4 26. Bxd4 Nxd4 27. Rxd4 Qb6 28. Rad1 Rc4 29. Qf2 g3 30. Qd2 Rfc8 31. Bxg6 fxg6 32. Nf3 Rf8 33. Qd3 Kg7 34. h5 gxh5 35. Kg2 Rxd4 36. Nxd4 Bxf4 37. Qe2 Kg6 1/2-1/2

[Event "Scarborough CC Winter End"]
[Site "Toronto"]
[Date "2012.03.08"]
[Round "4"]
[White "Posaratnanathan, Juliaan"]
[Black "Wiebe, Daniel"]
[Result "0-1"]
[WhiteElo "1934"]
[BlackElo "1844"]
[PlyCount "64"]
[EventDate "2012.02.16"]
[EventType "swiss"]
[EventRounds "5"]
[EventCountry "CAN"]
[SourceTitle "EXT 2022"]
[Source "ChessBase"]
[SourceDate "2021.10.06"]
[SourceVersion "1"]
[SourceVersionDate "2021.10.06"]
[SourceQuality "1"]

1. e4 c5 2. Nf3 d6 3. d4 cxd4 4. Nxd4 Nf6 5. Nc3 a6 6. Bg5 e6 7. f4 Be7 8. Qf3 Qc7 9. 0-0-0 Nbd7 10. g4 b5 11. Bxf6 Nxf6 12. g5 Nd7 13. Bg2 Nc5 14. Rhg1 b4 15. Nce2 Bb7 16. Qe3 Rc8 17. Kb1 Na4 18. Qb3 Nc5 19. Qe3 a5 20. h4 a4 21. Ng3 a3 22. b3 e5 23. Ndf5 Na4 24. Rd2 exf4 25. Qd4 Nc3+ 26. Ka1 Nb5 27. Nxg7+ Kd7 28. Bh3+ Kc6 29. Qc4+ Kb6 30. Bxc8 Rxc8 31. N3f5 Bf8 32. Qe2 Qc3+ 0-1

[Event "Scarborough CC Jack Frost"]
[Site "Toronto"]
[Date "2012.01.19"]
[Round "3"]
[White "Song, Michael"]
[Black "Posaratnanathan, Juliaan"]
[Result "1-0"]
[WhiteElo "2184"]
[BlackElo "1921"]
[PlyCount "121"]
[EventDate "2012.01.05"]
[EventType "swiss"]
[EventRounds "6"]
[EventCountry "CAN"]
[SourceTitle "EXT 2022"]
[Source "ChessBase"]
[SourceDate "2021.10.06"]
[SourceVersion "1"]
[SourceVersionDate "2021.10.06"]
[SourceQuality "1"]

1. d4 Nf6 2. c4 e6 3. g3 Bb4+ 4. Bd2 Qe7 5. Nf3 Nc6 6. Bg2 Bxd2+ 7. Qxd2 Ne4 8. Qc2 Qb4+ 9. Kf1 d5 10. b3 Qb6 11. e3 Nb4 12. Qd1 0-0 13. Nbd2 Nd3 14. Nxe4 dxe4 15. Ne5 Nxe5 16. dxe5 f5 17. exf6 Rxf6 18. Bxe4 Bd7 19. Kg2 Bc6 20. Qd3 Qc5 21. Bxc6 Qxc6+ 22. e4 Raf8 23. Rhf1 Qc5 24. f3 Qh5 25. Rf2 Rh6 26. Kg1 Rhf6 27. Raf1 Qc5 28. Kg2 Rg6 29. f4 h5 30. e5 Qc6+ 31. Kg1 Qe8 32. Qf3 h4 33. g4 c6 34. g5 Rxg5+ 35. Rg2 Rxg2+ 36. Qxg2 Qh5 37. h3 Rd8 38. Qg4 Qxg4+ 39. hxg4 Rd3 40. f5 Re3 41. fxe6 Rxe5 42. Rf7 b5 43. cxb5 cxb5 44. Rxa7 Rxe6 45. Ra5 b4 46. Kg2 Re3 47. g5 Kf7 48. Ra4 Kg6 49. Rxb4 Re2+ 50. Kh3 Rxa2 51. Kxh4 Rh2+ 52. Kg3 Rh1 53. Rg4 Rg1+ 54. Kf4 Rf1+ 55. Ke3 Rb1 56. b4 Re1+ 57. Kd2 Rb1 58. Kc2 Re1 59. Rc4 Re3 60. b5 Re6 61. Rc6 1-0

[Event "Toronto Thanksgiving op"]
[Site "Toronto"]
[Date "2011.10.08"]
[Round "3"]
[White "Posaratnanathan, Juliaan"]
[Black "Ferreira, Alex"]
[Result "0-1"]
[WhiteElo "1820"]
[BlackElo "2048"]
[PlyCount "136"]
[EventDate "2011.10.08"]
[EventType "swiss"]
[EventRounds "6"]
[EventCountry "CAN"]
[SourceTitle "EXT 2022"]
[Source "ChessBase"]
[SourceDate "2021.10.06"]
[SourceVersion "1"]
[SourceVersionDate "2021.10.06"]
[SourceQuality "1"]

1. e4 Nf6 2. e5 Nd5 3. d4 d6 4. Nf3 g6 5. Be2 Bg7 6. exd6 cxd6 7. 0-0 0-0 8. c4 Nb6 9. Nc3 Nc6 10. Be3 Re8 11. h3 e5 12. d5 Ne7 13. c5 dxc5 14. d6 Nf5 15. Bxc5 e4 16. Bxb6 axb6 17. Ng5 Bxc3 18. bxc3 Nxd6 19. Qd4 Qxg5 20. Qxd6 Bxh3 21. Qg3 Qxg3 22. fxg3 Be6 23. a4 Rec8 24. Rfb1 Bc4 25. Bxc4 Rxc4 26. Rxb6 Raxa4 27. Rd1 Rc7 28. Rdb1 Rxc3 29. Rxb7 Rac4 30. Re7 Rc1+ 31. Rxc1 Rxc1+ 32. Kf2 Rc2+ 33. Kf1 Rc4 34. Ke2 Kf8 35. Re5 h5 36. Ke3 f6 37. Ra5 Kg7 38. Kf4 Kh6 39. g4 hxg4 40. Kxg4 Rc2 41. g3 e3 42. Ra3 e2 43. Re3 Ra2 44. Re8 f5+ 45. Kf3 Kg5 46. Re3 Rb2 47. Kf2 Kg4 48. Ke1 g5 49. Rc3 Ra2 50. Rb3 f4 51. gxf4 Kxf4 52. Rb4+ Kg3 53. Rb3+ Kh4 54. Kf2 g4 55. Rb1 e1Q+ 56. Kxe1 Kg3 57. Kf1 Kh2 58. Rb8 Ra1+ 59. Ke2 Ra5 60. Rf8 g3 61. Rh8+ Kg2 62. Re8 Kg1 63. Re7 g2 64. Re8 Rh5 65. Rg8 Kh2 66. Kf2 Rf5+ 67. Ke3 g1Q+ 68. Rxg1 Kxg1 0-1

[Event "Canadian op 48th"]
[Site "Toronto"]
[Date "2011.07.12"]
[Round "4"]
[White "Posaratnanathan, Juliaan"]
[Black "Fan, Brendan"]
[Result "0-1"]
[WhiteElo "1902"]
[BlackElo "2097"]
[PlyCount "83"]
[EventDate "2011.07.09"]
[EventType "swiss"]
[EventRounds "9"]
[EventCountry "CAN"]
[SourceTitle "EXT 2022"]
[Source "ChessBase"]
[SourceDate "2021.10.06"]
[SourceVersion "1"]
[SourceVersionDate "2021.10.06"]
[SourceQuality "1"]

1. e4 c5 2. Nf3 d6 3. d4 cxd4 4. Nxd4 Nf6 5. Nc3 Bd7 6. f3 e5 7. Nb3 Bc6 8. Be3 Be7 9. Qd2 0-0 10. Be2 a5 11. a4 Na6 12. 0-0 Nb4 13. Nb5 d5 14. c3 Na6 15. exd5 Nxd5 16. Rfd1 Qc8 17. Kh1 b6 18. Bc4 Nxe3 19. Qxe3 Bxf3 20. Bxf7+ Rxf7 21. gxf3 Qf5 22. Rd5 Bg5 23. Qe2 Qxf3+ 24. Qxf3 Rxf3 25. Rxe5 Bf6 26. Re2 Rd8 27. Kg2 Rfd3 28. N3d4 Nc5 29. Kf2 Rd5 30. Re3 Rd2+ 31. Re2 Nd3+ 32. Kf1 Rxe2 33. Kxe2 Nxb2 34. Ra2 Rh5 35. Nf3 Nxa4 36. Rxa4 Rxb5 37. Kd3 Kf7 38. Rc4 Rd5+ 39. Ke4 Rc5 40. Rxc5 bxc5 41. Kd5 Bxc3 42. Kc4 0-1

[Event "CAN-ch U14"]
[Site "Richmond Hill"]
[Date "2011.07.07"]
[Round "4"]
[White "Fu, James"]
[Black "Posaratnanathan, Juliaan"]
[Result "1-0"]
[WhiteElo "2028"]
[BlackElo "1915"]
[PlyCount "95"]
[EventDate "2011.07.06"]
[EventType "swiss"]
[EventRounds "7"]
[EventCountry "CAN"]
[SourceTitle "EXT 2022"]
[Source "ChessBase"]
[SourceDate "2021.10.06"]
[SourceVersion "1"]
[SourceVersionDate "2021.10.06"]
[SourceQuality "1"]

1. e4 c5 2. Nc3 Nc6 3. g3 g6 4. Bg2 Bg7 5. Nge2 Rb8 6. 0-0 b5 7. d3 d6 8. Qe1 b4 9. Nd1 e6 10. a3 a5 11. f4 Nge7 12. Be3 Nd4 13. Nxd4 cxd4 14. Bd2 Qb6 15. axb4 axb4 16. Kh1 0-0 17. g4 e5 18. f5 f6 19. Nf2 Bd7 20. h4 Bc6 21. Rg1 d5 22. Kh2 dxe4 23. dxe4 Bd7 24. b3 Nc8 25. Nd3 Nd6 26. Nxb4 Qd8 27. Ra7 Nb5 28. Ra2 Ra8 29. Rxa8 Qxa8 30. Bf3 Bc6 31. Qe2 Nd6 32. Nxc6 Qxc6 33. Bb4 Rb8 34. Bxd6 Qxd6 35. Qc4+ Kh8 36. Ra1 Qd7 37. Ra5 Qd8 38. Rd5 Qc8 39. Rc5 Qg8 40. Qa6 Ra8 41. Qc6 Rf8 42. Be2 Bh6 43. b4 Bf4+ 44. Kg2 Qa2 45. Bd3 Qb1 46. Qd6 Rf7 47. Rc7 Rxc7 48. Qf8# 1-0

[Event "Scarborough CC Spring Into Summer"]
[Site "Toronto"]
[Date "2011.05.26"]
[Round "4"]
[White "Sherman, Joshua"]
[Black "Posaratnanathan, Juliaan"]
[Result "1/2-1/2"]
[WhiteElo "1935"]
[BlackElo "1902"]
[PlyCount "76"]
[EventDate "2011.04.28"]
[EventType "swiss"]
[EventRounds "9"]
[EventCountry "CAN"]
[SourceTitle "EXT 2022"]
[Source "ChessBase"]
[SourceDate "2021.10.06"]
[SourceVersion "1"]
[SourceVersionDate "2021.10.06"]
[SourceQuality "1"]

1. e4 c5 2. Nf3 Nc6 3. d4 cxd4 4. c3 Nf6 5. e5 Nd5 6. Bc4 Nb6 7. Bb3 e6 8. cxd4 d5 9. Nc3 Be7 10. h4 a6 11. Be3 Nc4 12. Bxc4 dxc4 13. Qe2 Nb4 14. Kf1 b5 15. Ne1 h5 16. Qf3 Bd7 17. Qg3 Kf8 18. Bg5 Bc6 19. a3 Nd5 20. Ne4 Nb6 21. Bxe7+ Qxe7 22. Nd6 Nc8 23. Nxc8 Rxc8 24. Nc2 Be4 25. Ne1 b4 26. Qe3 Bd5 27. axb4 Qxb4 28. Qa3 Qxa3 29. Rxa3 Rb8 30. Rxa6 Rxb2 31. Rh3 Ke7 32. Ra7+ Rb7 33. Rxb7+ Bxb7 34. Rc3 Bd5 35. Ke2 Rb8 36. f3 Kd7 37. Nc2 Kc6 38. Ne3 Rb4 1/2-1/2

[Event "Scarborough CC-ch Reserves"]
[Site "Toronto"]
[Date "2011.03.24"]
[Round "5"]
[White "Posaratnanathan, Juliaan"]
[Black "Jizan, Masoud"]
[Result "1-0"]
[WhiteElo "1884"]
[BlackElo "1731"]
[PlyCount "93"]
[EventDate "2011.02.24"]
[EventType "swiss"]
[EventRounds "9"]
[EventCountry "CAN"]
[SourceTitle "EXT 2022"]
[Source "ChessBase"]
[SourceDate "2021.10.06"]
[SourceVersion "1"]
[SourceVersionDate "2021.10.06"]
[SourceQuality "1"]

1. e4 c5 2. Nf3 Nc6 3. d4 cxd4 4. Nxd4 g6 5. c4 Bg7 6. Be3 Nf6 7. Nc3 0-0 8. Be2 d6 9. 0-0 Bd7 10. Qd2 Qc8 11. f3 Ne5 12. Nd5 Re8 13. Rac1 Qd8 14. Rc2 e6 15. Nxf6+ Bxf6 16. f4 Nc6 17. Nb5 Be7 18. Nxd6 Bxd6 19. Qxd6 Qe7 20. Rd2 Qxd6 21. Rxd6 Red8 22. Rfd1 Be8 23. Rxd8 Nxd8 24. b4 Bc6 25. Bf3 f5 26. Rd4 a6 27. Kf2 Nf7 28. exf5 Bxf3 29. fxe6 Nd8 30. Kxf3 Nxe6 31. Rd7 Rb8 32. Re7 Ng7 33. g4 Kf8 34. Bc5 Kg8 35. Bd4 Ne8 36. f5 gxf5 37. gxf5 h5 38. c5 Rd8 39. Ke4 b5 40. c6 Nd6+ 41. Kf4 Rf8 42. Rg7+ Kh8 43. Rg6+ Kh7 44. Rxd6 Rg8 45. Rg6 Rxg6 46. fxg6+ Kxg6 47. c7 1-0

[Event "Scarborough CC-ch Reserves op"]
[Site "Toronto"]
[Date "2011.03.10"]
[Round "3"]
[White "Posaratnanathan, Juliaan"]
[Black "Bzikot, Robert"]
[Result "1/2-1/2"]
[WhiteElo "1884"]
[BlackElo "1995"]
[PlyCount "68"]
[EventDate "2010.02.25"]
[EventType "swiss"]
[EventRounds "9"]
[EventCountry "CAN"]
[SourceTitle "EXT 2022"]
[Source "ChessBase"]
[SourceDate "2021.10.06"]
[SourceVersion "1"]
[SourceVersionDate "2021.10.06"]
[SourceQuality "1"]

1. e4 d6 2. d4 Nf6 3. Nc3 g6 4. Bg5 Nc6 5. Qd2 h6 6. Bh4 Bg7 7. 0-0-0 0-0 8. f4 a6 9. Nf3 b5 10. e5 Nd7 11. d5 Ncb8 12. e6 fxe6 13. Nd4 Nf6 14. Nxe6 Bxe6 15. dxe6 c6 16. Bd3 Kh7 17. Bxg6+ Kh8 18. f5 b4 19. Bxf6 Rxf6 20. Ne4 Rf8 21. Qxb4 Qc7 22. Ng5 a5 23. Qh4 Qb6 24. Rd3 Qxb2+ 25. Kd2 Qb4+ 26. Qxb4 axb4 27. Nf7+ Rxf7 28. Bxf7 Rxa2 29. Rxd6 Be5 30. Rd8+ Kg7 31. Rg8+ Kh7 32. f6 Ra7 33. Rg7+ Kh8 34. Rg8+ Kh7 1/2-1/2

[Event "Scarborough CC-ch Reserves"]
[Site "Toronto"]
[Date "2011.03.03"]
[Round "2"]
[White "Posaratnanathan, Juliaan"]
[Black "Gillis, Doug"]
[Result "1-0"]
[WhiteElo "1884"]
[BlackElo "1635"]
[PlyCount "47"]
[EventDate "2011.02.24"]
[EventType "swiss"]
[EventRounds "9"]
[EventCountry "CAN"]
[SourceTitle "EXT 2022"]
[Source "ChessBase"]
[SourceDate "2021.10.06"]
[SourceVersion "1"]
[SourceVersionDate "2021.10.06"]
[SourceQuality "1"]

1. e4 e6 2. d4 d5 3. Bd3 dxe4 4. Bxe4 Nf6 5. Bf3 Nc6 6. Ne2 e5 7. Bxc6+ bxc6 8. 0-0 exd4 9. Nxd4 c5 10. Qf3 Bg4 11. Re1+ Be7 12. Qc6+ Nd7 13. Nb5 Rb8 14. Nxc7+ Kf8 15. Nd5 Be6 16. Nxe7 Rb6 17. Qa4 Qxe7 18. Qxa7 Qf6 19. Nc3 g6 20. Bh6+ Kg8 21. Nd5 Qh4 22. Nxb6 Qxh6 23. Nxd7 Bxd7 24. Qxd7 1-0

[Event "Scarborough CC Falling Leaves U2000"]
[Site "Toronto"]
[Date "2010.12.02"]
[Round "6"]
[White "Morra, Lui"]
[Black "Posaratnanathan, Juliaan"]
[Result "1/2-1/2"]
[WhiteElo "1691"]
[BlackElo "1867"]
[PlyCount "119"]
[EventDate "2010.10.28"]
[EventType "swiss"]
[EventRounds "7"]
[EventCountry "CAN"]
[SourceTitle "EXT 2022"]
[Source "ChessBase"]
[SourceDate "2021.10.06"]
[SourceVersion "1"]
[SourceVersionDate "2021.10.06"]
[SourceQuality "1"]

1. e4 c5 2. Nf3 e6 3. d4 cxd4 4. Nxd4 a6 5. a3 Nf6 6. Nc3 Qc7 7. Be2 Be7 8. Be3 b5 9. 0-0 Bb7 10. f3 d6 11. Qd2 Nbd7 12. Bd3 Nc5 13. Rac1 Rd8 14. b4 Nxd3 15. cxd3 Qb8 16. a4 bxa4 17. Nxa4 0-0 18. b5 axb5 19. Nxb5 d5 20. Ba7 Qe5 21. d4 Qh5 22. e5 Ne8 23. Nc7 Rc8 24. Nb5 Rc4 25. Rxc4 dxc4 26. Qc2 f6 27. Qxc4 Bd5 28. Qe2 fxe5 29. dxe5 Qh4 30. Nac3 Bc4 31. Qf2 Bxf1 32. Qxh4 Bxh4 33. Kxf1 Rf7 34. Ne4 Rb7 35. Nec3 Nc7 36. Nxc7 Rxc7 37. Bd4 Rc4 38. Ne2 Rb4 39. g3 Be7 40. Kg2 Bd8 41. Bc5 Rb2 42. Kf2 Bb6 43. Bxb6 Rxb6 44. Nd4 Kf7 45. h4 Rb4 46. Ke3 Rb1 47. Kf4 Rd1 48. Nb5 Rd5 49. Nd6+ Kg6 50. g4 h5 51. Ke4 Ra5 52. Kf4 Ra4+ 53. Kg3 hxg4 54. fxg4 Ra3+ 55. Kf4 Rh3 56. h5+ Kh7 57. Ne4 Kh6 58. Ng5 Ra3 59. Nxe6 Ra4+ 60. Kf5 1/2-1/2

[Event "CAN-ch U14"]
[Site "Windsor"]
[Date "2010.07.08"]
[Round "6"]
[White "Posaratnanathan, Juliaan"]
[Black "Chuchin, Sasha"]
[Result "1-0"]
[WhiteElo "1768"]
[BlackElo "1480"]
[PlyCount "111"]
[EventDate "2010.07.06"]
[EventType "swiss"]
[EventRounds "7"]
[EventCountry "CAN"]
[SourceTitle "EXT 2012"]
[Source "ChessBase"]
[SourceDate "2011.11.24"]
[SourceVersion "1"]
[SourceVersionDate "2011.11.24"]
[SourceQuality "1"]

1. e4 e5 2. Nf3 Nf6 3. Nxe5 d6 4. Nf3 Nxe4 5. d4 d5 6. Bd3 Bf5 7. 0-0 Nd7 8. Re1 Be7 9. c4 c6 10. Nc3 Nxc3 11. bxc3 Bxd3 12. Qxd3 0-0 13. cxd5 cxd5 14. Rb1 Nb6 15. Bf4 f6 16. a4 Qd7 17. Qb5 Qxb5 18. Rxb5 Bd8 19. Bd6 a6 20. Rb3 Nxa4 21. Bxf8 Kxf8 22. Rxb7 Nxc3 23. Re3 Rc8 24. Ra7 a5 25. Kf1 a4 26. Ke1 Bb6 27. Ra6 Bd8 28. Ng1 Be7 29. Ne2 Nxe2 30. Kxe2 a3 31. Ra7 Bb4 32. Rb3 Rc2+ 33. Kf3 Rb2 34. Re3 Rc2 35. Rb3 Rb2 36. Rd3 h6 37. Re3 Rc2 38. Raxa3 Bxa3 39. Rxa3 Rc7 40. Ra5 Rd7 41. Kf4 Kf7 42. g4 g6 43. h4 Kg7 44. h5 g5+ 45. Kf5 Kf7 46. Ra6 Re7 47. Rxf6+ Kg7 48. Rg6+ Kh7 49. Kf6 Re2 50. Rg7+ Kh8 51. Kg6 Re6+ 52. Kf5 Re4 53. Rd7 Rxd4 54. Kg6 Re4 55. Rd8+ Re8 56. Rxe8# 1-0

[Event "CAN-ch U14"]
[Site "Windsor"]
[Date "2010.07.06"]
[Round "1"]
[White "Posaratnanathan, Juliaan"]
[Black "Schneider, Corin"]
[Result "0-1"]
[WhiteElo "1768"]
[BlackElo "1630"]
[PlyCount "108"]
[EventDate "2010.07.06"]
[EventType "swiss"]
[EventRounds "7"]
[EventCountry "CAN"]
[SourceTitle "EXT 2012"]
[Source "ChessBase"]
[SourceDate "2011.11.24"]
[SourceVersion "1"]
[SourceVersionDate "2011.11.24"]
[SourceQuality "1"]

1. e4 c5 2. Nf3 e6 3. d4 cxd4 4. Nxd4 a6 5. Bd3 Nc6 6. Nf3 Qc7 7. Nc3 b5 8. a3 Bd6 9. Bxb5 axb5 10. Nxb5 Qa5+ 11. Qd2 Bb4 12. Nc3 Bxc3 13. Qxc3 Qxc3+ 14. bxc3 Nf6 15. e5 Nd5 16. Bd2 Ba6 17. Kd1 0-0 18. Re1 Nb6 19. Nd4 Rfc8 20. f4 Nxd4 21. cxd4 Bb7 22. g3 Nc4 23. Bb4 Ra4 24. c3 Rca8 25. Kc2 Nxa3+ 26. Kb3 Bd5+ 27. c4 Bxc4+ 28. Kc3 Nb5+ 29. Kxc4 Rxa1 30. Rxa1 Rxa1 31. Kxb5 Rh1 32. Be7 Rxh2 33. Kc4 h6 34. Kd3 Rh3 35. Bh4 g5 36. fxg5 hxg5 37. Bxg5 Rxg3+ 38. Be3 Kg7 39. Ke4 f6 40. exf6+ Kxf6 41. Bf4 Rg4 42. Kf3 Kf5 43. Be3 d6 44. Ke2 e5 45. dxe5 Kxe5 46. Bc1 Ke4 47. Ba3 d5 48. Bc5 d4 49. Bb4 Rg2+ 50. Kd1 Ke3 51. Bc5 Kd3 52. Kc1 Kc3 53. Kd1 d3 54. Ke1 d2+ 0-1

[Event "CAN-ch U14"]
[Site "Windsor"]
[Date "2010.07.06"]
[Round "2"]
[White "Zhao, Donovan"]
[Black "Posaratnanathan, Juliaan"]
[Result "1/2-1/2"]
[WhiteElo "1656"]
[BlackElo "1768"]
[PlyCount "71"]
[EventDate "2010.07.06"]
[EventType "swiss"]
[EventRounds "7"]
[EventCountry "CAN"]
[SourceTitle "EXT 2012"]
[Source "ChessBase"]
[SourceDate "2011.11.24"]
[SourceVersion "1"]
[SourceVersionDate "2011.11.24"]
[SourceQuality "1"]

1. e4 c5 2. Nf3 Nc6 3. d4 cxd4 4. Nxd4 Nf6 5. Nc3 d6 6. Be2 Bd7 7. Be3 a6 8. 0-0 e6 9. Nb3 Be7 10. f4 0-0 11. Bf3 Rb8 12. a3 Qc7 13. Qd2 Rbd8 14. Rfd1 b5 15. Qf2 Rb8 16. Rac1 a5 17. Ne2 a4 18. Nbd4 e5 19. Nxc6 Bxc6 20. Ng3 Qb7 21. fxe5 dxe5 22. Bg5 h6 23. Bxf6 Bxf6 24. Qe2 Bg5 25. Rb1 Qb6+ 26. Kh1 Rfd8 27. c3 Be3 28. Nf5 Bc5 29. h3 Kh7 30. Qe1 g6 31. Bg4 gxf5 32. Bxf5+ Kh8 33. Qh4 Be3 34. Qf6+ Kg8 35. Bh7+ Kxh7 36. Qxf7+ 1/2-1/2

[Event "Scarborough CC LH Summer op"]
[Site "Toronto"]
[Date "2010.06.10"]
[Round "6"]
[White "Hahnewald, Uwe"]
[Black "Posaratnanathan, Juliaan"]
[Result "1-0"]
[WhiteElo "1871"]
[BlackElo "1678"]
[PlyCount "56"]
[EventDate "2010.04.29"]
[EventType "swiss"]
[EventRounds "8"]
[EventCountry "CAN"]
[SourceTitle "EXT 2022"]
[Source "ChessBase"]
[SourceDate "2021.10.06"]
[SourceVersion "1"]
[SourceVersionDate "2021.10.06"]
[SourceQuality "1"]

1. e4 c5 2. c3 Nf6 3. e5 Nd5 4. Nf3 d6 5. Bc4 Nb6 6. Bb3 Bg4 7. Bxf7+ Kxf7 8. Ng5+ Ke8 9. Qxg4 dxe5 10. Qf5 Qd5 11. 0-0 g6 12. Qg4 Qd7 13. Qf3 Qd5 14. Qg4 Qd7 15. Qg3 Qf5 16. d3 Nc6 17. f4 Rc8 18. fxe5 Qxe5 19. Bf4 Qd5 20. Nd2 Bg7 21. Rae1 e5 22. Qg4 Rc7 23. Nde4 Re7 24. Be3 Qd7 25. Qg3 h6 26. Nxc5 Qd5 27. Nge4 Kd8 28. Qxg6 Kc7 1-0

[Event "Scarborough CC LH Summer op"]
[Site "Toronto"]
[Date "2010.05.13"]
[Round "2"]
[White "Cale, Ferdinand"]
[Black "Posaratnanathan, Juliaan"]
[Result "1/2-1/2"]
[WhiteElo "1784"]
[BlackElo "1678"]
[PlyCount "92"]
[EventDate "2010.04.29"]
[EventType "swiss"]
[EventRounds "8"]
[EventCountry "CAN"]
[SourceTitle "EXT 2022"]
[Source "ChessBase"]
[SourceDate "2021.10.06"]
[SourceVersion "1"]
[SourceVersionDate "2021.10.06"]
[SourceQuality "1"]

1. f4 d5 2. d4 Nf6 3. e3 Bf5 4. Nf3 e6 5. Be2 Nbd7 6. 0-0 a6 7. a3 Be7 8. h3 h6 9. Nbd2 Ne4 10. Nxe4 Bxe4 11. Bd3 f5 12. Bxe4 fxe4 13. Ne5 0-0 14. Qg4 Nxe5 15. fxe5 Rxf1+ 16. Kxf1 Qf8+ 17. Kg1 Qf7 18. Bd2 Rf8 19. Qe2 c5 20. c3 c4 21. Rf1 Qxf1+ 22. Qxf1 Rxf1+ 23. Kxf1 Bh4 24. Be1 Bxe1 25. Kxe1 g5 26. g4 Kg7 27. Kd2 b5 28. Kc2 Kf7 29. b3 Ke7 30. Kb2 Kd7 31. a4 Kc6 32. Ka3 cxb3 33. Kxb3 bxa4+ 34. Kxa4 Kb6 35. Kb4 a5+ 36. Ka4 Ka6 37. c4 dxc4 38. d5 Kb6 39. d6 Kc6 40. Ka3 Kd7 41. Kb2 a4 42. Kc3 a3 43. Kc2 Kc6 44. Kc3 Kd7 45. Kc2 Kc6 46. Kc3 Kd7 1/2-1/2